00592cam a22001572 4500001001100000005001700011008004100028040001500069100004400084245013300128250001300261260004100274300003000315502004400345650004500389000002343220151217161557.0121129s xx 000 0 eng d aKABUcKABU1 aKuchio, Leonard J. Wekullo.@000018281710aContribution of financial distress indicators to corporate failure among commercial banks in Kenya /cLeonard J. Wekullo Kuchio. a1st ed. aNakuru :bKabarak University,c2012. ax, 35 leaves +e1 CD-ROM. aThese (MBA) - Kabarak University, 2012. 0aCorporationsxCash position.@0000182818